000 00963nam a2200229 a 4500
001 52740
003 BD-RjUL
005 20211209075843.0
008 160926s1954 ii ||||| |||| 00| 0 ben d
020 _c:IRs. 6.00
035 _a(BD-RjUL)52860
040 _aBD-RjUL
_bben
_cBD-RjUL
041 _aben
082 _223
_a891.409
_bBAA 1954
100 _aবন্দ্যোপাধ্যায়, শান্তিরঞ্জন
_9157726
245 1 0 _aআধুনিক ভারতীয় সাহিত্য /
_cশান্তিরঞ্জন বন্দ্যোপাধ্যায়
260 _aকলিকাতা :
_bরেণু দেবী,
_c১৯৫৪
300 _a২৪৭ পৃ. :
_bচিত্র ;
_c২৩ সেমি.
650 _aভারতীয় সাহিত্য
_xইতিহাস ও সমালোচনা
_9127012
650 _aIndic Literature
_xHistory and Criticism
_9157727
942 _2ddc
_cBK
999 _c52740
_d52740